United in opposition (Record no. 76575)
[ view plain ]
| 000 -LEADER | |
|---|---|
| fixed length control field | 01165cab a2200193 4500 |
| 001 - CONTROL NUMBER | |
| control field | ##L132707 |
| 008 - FIXED-LENGTH DATA ELEMENTS--GENERAL INFORMATION | |
| fixed length control field | 060301n2006 000 0 eng u |
| 035 ## - SYSTEM CONTROL NUMBER | |
| System control number | (Sirsi) u132707 |
| 041 0# - LANGUAGE CODE | |
| Language code of text/sound track or separate title | eng |
| 100 1# - MAIN ENTRY--PERSONAL NAME | |
| Personal name | Thomas, Daniel |
| 245 00 - TITLE STATEMENT | |
| Title | United in opposition |
| 260 ## - PUBLICATION, DISTRIBUTION, ETC. | |
| Date of publication, distribution, etc. | 2006 |
| 490 #0 - SERIES STATEMENT | |
| Series statement | Property Week |
| Volume/sequential designation | 71(8) 24 February 2006, 32-33(2) |
| 520 ## - SUMMARY, ETC. | |
| Summary, etc. | The property industry has joined forces with occupiers, pension funds, business groups and local authorities to fight against a fourth attempt to introduce a development land tax. It is claimed that the tax - known as Planning Gain Supplement - will have an adverse effect on infrastructure development, building communities and commercial land use. It is also argued that this new proposal is not likely to succeed any more than its previous incarnations because land values fluctuate so wildly. A draft by the British Property Federation has highlighted 10 reasons why the scheme is unworkable in order to make the government listen. |
| 590 ## - LOCAL NOTE (RLIN) | |
| Local note | IKA140306 |
| 650 24 - SUBJECT ADDED ENTRY--TOPICAL TERM | |
| Topical term or geographic name entry element | PLANNING GAIN SUPPLEMENT |
| 690 ## - LOCAL SUBJECT ADDED ENTRY--TOPICAL TERM (OCLC, RLIN) | |
| Topical term or geographic name as entry element | ENVIRONMENTAL AND LAND CONSULTANCY-PLANNING AND DEVELOPMENT-PLANNING REFORM |
| 942 ## - ADDED ENTRY ELEMENTS (KOHA) | |
| Suppress in OPAC | 0 |
| Withdrawn status | Lost status | Source of classification or shelving scheme | Damaged status | Not for loan | Home library | Current library | Shelving location | Date acquired | Total Checkouts | Full call number | Barcode | Date last seen | Copy number | Price effective from | Koha item type |
|---|---|---|---|---|---|---|---|---|---|---|---|---|---|---|---|
| Dewey Decimal Classification | London | London | Journal article | 14/03/2006 | L132707 | 132707-1001 | 06/08/2019 | 1 | 06/08/2019 | Journal article |